=LDR 00000nam 2200000 4500 =001 INLIS000000000033466 =005 20130612135422 =008 ***********************************ind** =035 ##$$0010-061300000033466 =041 ##$$a ind =082 ##$$a 663.96 =090 ##$$a 663.96, Ham m =100 ##$$a Hambali, Erliza =245 ##$$a Membuat aneka herbal tea, Erliza hambali, muhammad zein naution, Ersi herliana =260 ##$$a 2006 $b Jakarta =300 ##$$a 115 hlm, Ilus, 21 cm =650 ##$$a Teh Herbal =700 ##$$a Nasution, Muhammad Zein =850 ##$$a NBPNMAT